Depression

Bibliographic Details
Main Author: Wallerstein, Claire
Format: Book
Published: UK : Heniemann , 2004
Series:Need to know
Subjects:

MARC

LEADER 00000cam a2200000 7i4500
001 0000014131
005 20160330.0
008 080221
020 |a 043109814X 
090 0 0 |a 362.25   |b WAL 
100 1 |a Wallerstein, Claire 
245 1 0 |a Depression   |c Claire Wallerstein 
260 |a UK :   |b Heniemann ,   |c 2004 
440 |a Need to know 
500 |a Teenager ages 13-18 years old (blue) 
650 0 |a Depressed persons   |x Juvenile literature 
650 0 |a Depression, mental   |x Juvenile literature 
999 |a 0001012310   |b Book   |c Teenagers   |e Perbadanan Perpustakaan Awam Johor 
999 |a 0001012311   |b Book   |c Teenagers   |e Perbadanan Perpustakaan Awam Johor 
999 |a 0001015656   |b Book   |c Teenagers   |e Perbadanan Perpustakaan Awam Johor